Unification church/ (Record no. 19521)
[ view plain ]
| 000 -LEADER | |
|---|---|
| fixed length control field | 00438nam a22001457a 4500 |
| 008 - FIXED-LENGTH DATA ELEMENTS--GENERAL INFORMATION | |
| fixed length control field | 220921b |||||||| |||| 00| 0 eng d |
| 020 ## - INTERNATIONAL STANDARD BOOK NUMBER | |
| International Standard Book Number | 0310703816 |
| 050 ## - LIBRARY OF CONGRESS CALL NUMBER | |
| Classification number | BX9750 |
| Item number | .Y36 1995 |
| 100 ## - MAIN ENTRY--PERSONAL NAME | |
| Personal name | Yamamoto, J. Isamu |
| 245 ## - TITLE STATEMENT | |
| Title | Unification church/ |
| Statement of responsibility, etc. | J. Isamu yamamoto |
| 260 ## - PUBLICATION, DISTRIBUTION, ETC. (IMPRINT) | |
| Place of publication, distribution, etc. | Grand Rapids, Michigan |
| Name of publisher, distributor, etc. | Zondervan publishing House |
| Date of publication, distribution, etc. | 2048 |
| 300 ## - PHYSICAL DESCRIPTION | |
| Extent | 85p. |
| 650 ## - SUBJECT ADDED ENTRY--TOPICAL TERM | |
| Topical term or geographic name as entry element | Unification church |
| Form subdivision | Controversial literature |
| 942 ## - ADDED ENTRY ELEMENTS (KOHA) | |
| Source of classification or shelving scheme | Library of Congress Classification |
| Koha item type | General Collection |
| Withdrawn status | Lost status | Source of classification or shelving scheme | Not for loan | Home library | Current library | Date acquired | Cost, normal purchase price | Inventory number | Total Checkouts | Full call number | Barcode | Date last seen | Date last checked out | Price effective from | Koha item type |
|---|---|---|---|---|---|---|---|---|---|---|---|---|---|---|---|
| Library of Congress Classification | Kabarak, Main Campus | Kabarak, Main Campus | 21/09/2022 | 2237.00 | 2048/2022 | 1 | BX9750 .Y36 1995 c.1 | 032699 | 06/06/2023 | 06/06/2023 | 21/09/2022 | SEMINAR ROOM | |||
| Library of Congress Classification | Kabarak, Main Campus | Kabarak, Main Campus | 21/09/2022 | 2237.00 | 2048/2022 | 2 | BX9750 .Y36 1995 c.2 | 35005 | 06/06/2023 | 06/06/2023 | 21/09/2022 | SEMINAR ROOM |